00673nam a2200205Ia 4500003000900000008004100009040001600050080001600066100002900082245009900111250001200210260003200222300001400254650002900268650003000297650002900327942000700356999001300363952009100376IN-BaIIA211028s9999 xx 000 0 eng d cIIA Library a539.31bSOK aSokolnikoff, I. S.91687 0aMathematical theory of elasticitycI. S. Sokolnikoff  a1st ed. aNew YorkbMcGraw-Hillc1946 axi, 373p. aElastic Properties91688 aMathematical theory91689 aPlastic properties91690 cBK c784d784 00104070aBANbKODcGENd0000-00-00l0o539.31/ SOKp809r2021-11-05w0000-00-00yBK